|
|
|
|
| LEADER |
00000nam0a2200000 4500 |
| 001 |
354189 |
| 005 |
20231102010651.0 |
| 035 |
|
|
|a (RuTPU)RU\TPU\retro\11447
|
| 090 |
|
|
|a 354189
|
| 100 |
|
|
|a 20200617d1972 m y0rusy50 ca
|
| 101 |
0 |
|
|a rus
|
| 102 |
|
|
|a RU
|
| 105 |
|
|
|a a j 001zy
|
| 200 |
1 |
|
|a Проектирование и расчет технологических трубопроводов нефтеперерабатывающих заводов
|e методические разработки для курсовых и дипломных проектов по специальности 0516
|f Куйбышевский политехнический институт им. В. В. Куйбышева
|
| 210 |
|
|
|a Куйбышев
|c [Б. и.]
|d 1972
|
| 215 |
|
|
|a 55 с.
|c ил.
|
| 320 |
|
|
|a Библиогр.: с. 54
|
| 606 |
1 |
|
|a Нефтеперерабатывающие заводы
|x Трубопроводы
|2 stltpush
|3 (RuTPU)RU\TPU\subj\33922
|9 56032
|
| 610 |
1 |
|
|a технологические трубопроводы
|
| 610 |
1 |
|
|a арматура
|
| 610 |
1 |
|
|a гидравлический расчет
|
| 610 |
1 |
|
|a трубы
|
| 610 |
1 |
|
|a механическая прочность
|
| 610 |
1 |
|
|a окраска
|
| 610 |
1 |
|
|a изоляция
|
| 610 |
1 |
|
|a курсовые проекты
|
| 610 |
1 |
|
|a дипломные проекты
|
| 610 |
1 |
|
|a методические разработки
|
| 610 |
1 |
|
|a учебные пособия
|
| 675 |
|
|
|a 665.63.02(075.8)
|v 4
|
| 712 |
0 |
2 |
|a Куйбышевский политехнический институт им. В. В. Куйбышева
|c (1962-1991)
|2 stltpush
|3 (RuTPU)RU\TPU\col\320
|9 23347
|
| 801 |
|
1 |
|a RU
|b 63413507
|c 20200617
|
| 801 |
|
2 |
|a RU
|b 63413507
|c 20210120
|g RCR
|
| 942 |
|
|
|c BK
|